[Event "Steinfurt Bezirksliga 1112"]
[Site "Germany"]
[Date "2012.03.03"]
[Round "6.3"]
[White "Bartsch, Rainer"]
[Black "Radisic, Sascha"]
[Result "1-0"]
[WhiteElo "1729"]
[BlackElo "1656"]
[PlyCount "51"]
[EventDate "2011.10.01"]
[EventType "team-tourn"]
[EventRounds "9"]
[EventCountry "GER"]
[SourceTitle "EXT 2013"]
[Source "ChessBase"]
[SourceDate "2012.11.22"]
[SourceVersion "1"]
[SourceVersionDate "2012.11.22"]
[SourceQuality "1"]
[WhiteTeam "Saerbeck II"]
[BlackTeam "Steinfurt II"]
[WhiteTeamCountry "GER"]
[BlackTeamCountry "GER"]

1. b4 g6 2. Bb2 Nf6 3. e3 Bg7 4. Nf3 0-0 5. c4 b6 6. Be2 Bb7 7. 0-0 d6 8. d4 Nbd7 9. Nbd2 c5 10. a3 e6 11. h3 Qc7 12. Nh2 Rac8 13. Bf3 Rfd8 14. Rc1 Qb8 15. Qb3 cxd4 16. exd4 d5 17. c5 Bh6 18. Rc2 Bxd2 19. Rxd2 Ba6 20. Rc1 bxc5 21. dxc5 Bc4 22. Qc3 h5 23. g4 e5 24. g5 Nh7 25. h4 Qb5 26. Bxd5 1-0

[Event "Steinfurt Bezirksliga 1112"]
[Site "Germany"]
[Date "2012.01.07"]
[Round "4.3"]
[White "Bartsch, Rainer"]
[Black "Krueler, Andreas"]
[Result "1-0"]
[WhiteElo "1729"]
[BlackElo "1528"]
[PlyCount "81"]
[EventDate "2011.10.01"]
[EventType "team-tourn"]
[EventRounds "9"]
[EventCountry "GER"]
[SourceTitle "EXT 2013"]
[Source "ChessBase"]
[SourceDate "2012.11.22"]
[SourceVersion "1"]
[SourceVersionDate "2012.11.22"]
[SourceQuality "1"]
[WhiteTeam "Saerbeck II"]
[BlackTeam "Steinfurt III"]
[WhiteTeamCountry "GER"]
[BlackTeamCountry "GER"]

1. c4 e5 2. Nc3 Nf6 3. d3 h6 4. g3 Bc5 5. Bg2 d6 6. Nf3 Bd7 7. 0-0 Qc8 8. Nd5 Nxd5 9. cxd5 Bh3 10. Qa4+ c6 11. dxc6 Nxc6 12. Bd2 Bxg2 13. Kxg2 0-0 14. Rac1 Qe6 15. e3 Qd5 16. Qc4 Qxc4 17. Rxc4 b5 18. Rc2 Nb4 19. Bxb4 Bxb4 20. Rfc1 f6 21. a3 Ba5 22. Nh4 Bb6 23. Nf5 d5 24. Ne7+ Kh7 25. Nxd5 Rab8 26. Nxb6 Rxb6 27. Rc7 a6 28. Rd7 b4 29. Rcc7 Rg8 30. a4 Rbb8 31. d4 exd4 32. exd4 Rbd8 33. Kf3 Kg6 34. Ke3 Rxd7 35. Rxd7 Kf5 36. f3 Re8+ 37. Kd2 g6 38. Rb7 Rd8 39. Kd3 Re8 40. Rxb4 Re1 41. Rc4 1-0

[Event "Steinfurt Bezirksliga 1112"]
[Site "Germany"]
[Date "2011.11.05"]
[Round "2.3"]
[White "Bartsch, Rainer"]
[Black "Herding, Rudolf"]
[Result "1/2-1/2"]
[WhiteElo "1729"]
[BlackElo "1606"]
[PlyCount "86"]
[EventDate "2011.10.01"]
[EventType "team-tourn"]
[EventRounds "9"]
[EventCountry "GER"]
[SourceTitle "EXT 2013"]
[Source "ChessBase"]
[SourceDate "2012.11.22"]
[SourceVersion "1"]
[SourceVersionDate "2012.11.22"]
[SourceQuality "1"]
[WhiteTeam "Saerbeck II"]
[BlackTeam "Nordwalde II"]
[WhiteTeamCountry "GER"]
[BlackTeamCountry "GER"]

1. d4 d5 2. Nf3 Nf6 3. e3 e6 4. Bd3 c5 5. c3 cxd4 6. exd4 Nc6 7. 0-0 Bd6 8. Re1 0-0 9. Bg5 h6 10. Bh4 Be7 11. Nbd2 Nh5 12. Bxe7 Nxe7 13. Ne5 Nf6 14. Rc1 Nc6 15. Ndf3 Bd7 16. Bb1 Nxe5 17. Nxe5 Be8 18. f4 Nd7 19. f5 exf5 20. Bxf5 Nxe5 21. Rxe5 f6 22. Re3 Bd7 23. Bg6 Qb6 24. Re7 Qd6 25. Qe2 Qf4 26. Re1 Rad8 27. Bh5 Qg5 28. Re3 Kh8 29. Rg3 Qh4 30. Qe7 Rg8 31. Bf7 Rgf8 32. Ree3 Qf4 33. Bh5 Rg8 34. Bf7 Rgf8 35. Bxd5 g5 36. Bf7 Rfe8 37. Qxd7 Rxd7 38. Rxe8+ Kg7 39. Bc4 Qc1+ 40. Kf2 Qxb2+ 41. Re2 Qb6 42. Rge3 Qc7 43. Bb5 Rf7 1/2-1/2

[Event "Steinfurt Bezirksliga 1011"]
[Site "Germany"]
[Date "2011.01.22"]
[Round "4.2"]
[White "Bartsch, Rainer"]
[Black "Raus, Christina"]
[Result "1-0"]
[WhiteElo "1762"]
[BlackElo "1437"]
[PlyCount "65"]
[EventDate "2010.10.02"]
[EventType "team-tourn"]
[EventRounds "9"]
[EventCountry "GER"]
[SourceTitle "EXT 2012"]
[Source "ChessBase"]
[SourceDate "2011.11.24"]
[SourceVersion "1"]
[SourceVersionDate "2011.11.24"]
[SourceQuality "1"]
[WhiteTeam "Saerbeck II"]
[BlackTeam "Steinfurt III"]
[WhiteTeamCountry "GER"]
[BlackTeamCountry "GER"]

1. d4 d5 2. Nf3 e6 3. e3 Nf6 4. Bd3 Be7 5. Nbd2 b6 6. Ne5 Bb7 7. 0-0 Nbd7 8. Ndf3 a6 9. c3 Nxe5 10. Nxe5 Bd6 11. Nf3 Nd7 12. Qe2 0-0 13. e4 dxe4 14. Bxe4 Bxe4 15. Qxe4 h6 16. Re1 Nf6 17. Qe2 c5 18. Bd2 Qc7 19. h3 cxd4 20. Nxd4 Bc5 21. Nb3 Bd6 22. Rad1 Bf4 23. Nd4 Bxd2 24. Rxd2 Rfc8 25. Qf3 Rd8 26. Red1 Rac8 27. a3 Nd5 28. Qe2 b5 29. Nxe6 fxe6 30. Qxe6+ Qf7 31. Qxf7+ Kxf7 32. Rxd5 Re8 33. Kf1 1-0

[Event "Steinfurt Bezirksliga 0910"]
[Site "Germany"]
[Date "2010.04.24"]
[Round "8.1"]
[White "Schnabel, Reinhard"]
[Black "Bartsch, Rainer"]
[Result "1/2-1/2"]
[WhiteElo "1559"]
[BlackElo "1761"]
[PlyCount "43"]
[EventDate "2009.09.12"]
[EventType "team-tourn"]
[EventRounds "9"]
[EventCountry "GER"]
[SourceTitle "EXT 2011"]
[Source "ChessBase"]
[SourceDate "2010.11.26"]
[SourceVersion "1"]
[SourceVersionDate "2010.11.26"]
[SourceQuality "1"]
[WhiteTeam "Reckenfeld II"]
[BlackTeam "Saerbeck II"]
[WhiteTeamCountry "GER"]
[BlackTeamCountry "GER"]

1. d4 f5 2. Nc3 Nf6 3. Nf3 e6 4. e3 d5 5. Bd3 c6 6. 0-0 Bd6 7. Ne5 0-0 8. f4 Nbd7 9. h3 Ne4 10. Nxe4 fxe4 11. Be2 Qe7 12. Bd2 Nxe5 13. fxe5 Bc7 14. a3 b6 15. c3 Bd7 16. Bg4 Rf7 17. Rxf7 Qxf7 18. Qf1 Rf8 19. Qxf7+ Rxf7 20. Rf1 g6 21. Rxf7 Kxf7 22. Be2 1/2-1/2

[Event "Steinfurt Bezirksliga 0809"]
[Site "Germany"]
[Date "2009.04.04"]
[Round "8.1"]
[White "Bartsch, Rainer"]
[Black "Hols, Bernhard"]
[Result "1-0"]
[WhiteElo "1722"]
[BlackElo "1746"]
[PlyCount "79"]
[EventDate "2008.09.27"]
[EventType "team-tourn"]
[EventRounds "9"]
[EventCountry "GER"]
[SourceTitle "EXT 2010"]
[Source "ChessBase"]
[SourceDate "2010.11.25"]
[SourceVersion "1"]
[SourceVersionDate "2010.11.25"]
[SourceQuality "1"]
[WhiteTeam "Saerbeck II"]
[BlackTeam "Nordwalde II"]
[WhiteTeamCountry "GER"]
[BlackTeamCountry "GER"]

1. d4 f5 2. g4 d6 3. Bg2 c6 4. g5 Na6 5. Nf3 Bd7 6. c3 Qb6 7. Nbd2 0-0-0 8. Nc4 Qc7 9. Bf4 Be6 10. Qd3 g6 11. h4 Bf7 12. h5 gxh5 13. Nce5 e6 14. Nxf7 Qxf7 15. Qc4 Ne7 16. 0-0-0 Nd5 17. Bd2 Be7 18. Ne1 f4 19. Nf3 Rdg8 20. e4 Nb6 21. Qb3 Kb8 22. Bh3 Nc7 23. Rdg1 Qg6 24. Qc2 Qf7 25. Qb3 Nd7 26. a4 d5 27. e5 Qg6 28. Qd1 c5 29. Nh4 Qf7 30. Nf3 cxd4 31. cxd4 Nb6 32. Bf1 Rc8 33. Bc3 Bb4 34. Bxb4 Na6+ 35. Bc3 Nb4 36. Bd3 Qe7 37. Kb1 Rxc3 38. bxc3 Nxd3 39. Qxd3 Qa3 40. Nd2 1-0

[Event "Muensterland op 26th"]
[Site "Senden"]
[Date "2008.09.27"]
[Round "1"]
[White "Bartsch, Rainer"]
[Black "Michalczak, Thomas"]
[Result "0-1"]
[WhiteElo "1968"]
[BlackElo "2297"]
[PlyCount "38"]
[EventDate "2008.09.27"]
[EventType "swiss"]
[EventRounds "9"]
[EventCountry "GER"]
[SourceTitle "EXT 2010"]
[Source "ChessBase"]
[SourceDate "2010.11.25"]
[SourceVersion "1"]
[SourceVersionDate "2010.11.25"]
[SourceQuality "1"]

1. d4 Nf6 2. Nf3 d5 3. e3 c5 4. dxc5 e6 5. c4 Bxc5 6. Nc3 0-0 7. cxd5 exd5 8. Be2 Nc6 9. 0-0 a6 10. a3 Be6 11. b4 Bd6 12. b5 Ne5 13. Nd4 Rc8 14. Bb2 Nc4 15. Bxc4 Rxc4 16. Nce2 axb5 17. Nxb5 Bxh2+ 18. Kxh2 Ng4+ 19. Kg3 Nxe3 0-1